Propagácia cestovného ruchu v Slovenskej republike a vo vybranej krajine EÚ bakalárska práca

Na minha lista:
Detalhes bibliográficos
Autor principal: Líšková, Terézia
Autor Corporativo: Obchodná fakulta EU. Katedra služieb a cestovného ruchu - zrušené
Outros Autores: Vačková, Andrea
Formato: Livro
Idioma:eslovaco
Publicado em: Bratislava 2011
Tags: Adicionar Tag
Sem tags, seja o primeiro a adicionar uma tag!

MARC

LEADER 00000nbm a2200000 4500
001 0140474
005 20161109111718.7
041 0 |a slo 
044 |a SK 
245 1 0 |a Propagácia cestovného ruchu v Slovenskej republike a vo vybranej krajine EÚ  |b bakalárska práca  |c Terézia Líšková ; školiteľ: Andrea Vačková 
264 1 |a Bratislava  |c 2011 
300 |a 45 s. 
100 1 |a Líšková, Terézia 
700 1 |a Vačková, Andrea 
710 2 |a Obchodná fakulta EU. Katedra služieb a cestovného ruchu - zrušené